Países que conducen por la izquierda - ¡Muerte súbita! - Estadísticas

Estadísticas generales
  • Esta prueba ha sido intentada 19 veces
  • La puntuación promedio es 19 de 20
Answers on the Grid
Answers color-coded by a green-red scale on the quiz's grid according to % correct below.
Alemania
Australia
Bahamas
Bangladés
Canadá
China
Colombia
España
Estados Unidos
Fiyi
Francia
Guyana
India
Indonesia
Irlanda
Islas Marshall
Italia
Japón
Kenia
Malasia
México
Namibia
Nueva Zelanda
Pakistán
Reino Unido
Rusia
Singapur
Sri Lanka
Sudáfrica
Tailandia
Tanzania
Turquía
 
Estadísticas de respuestas
Respuesta % Correcto
Australia
100%
India
100%
Irlanda
100%
Nueva Zelanda
100%
Reino Unido
100%
Sri Lanka
100%
Sudáfrica
100%
Bangladés
95%
Fiyi
95%
Kenia
95%
Malasia
95%
Namibia
95%
Pakistán
95%
Singapur
95%
Tanzania
95%
Bahamas
89%
Guyana
89%
Indonesia
89%
Tailandia
89%
Japón
74%
No se encontraron pruebas coincidentes
Distribución de puntuación
Porcentaje de gente con cada puntuación
Porcentaje por número respondido
Historial de tus puntuaciones
No has intentado esta prueba.